[Event "USA-ch Juniors Open 2019"]
[Site "Saint Louis"]
[Date "2019.07.11"]
[Round "1.1"]
[White "Checa, Nicolas"]
[Black "Vaidya, Atulya"]
[Result "1-0"]
[WhiteElo "2506"]
[BlackElo "2118"]
[Annotator "ChessBase"]
[PlyCount "83"]
[EventDate "2019.07.09"]
[EventType "tourn"]
[EventCountry "USA"]
[SourceTitle "playchess.com"]
[Source "ChessBase"]
[SourceQuality "1"]
[TimeControl "40/5400+30:1800+30"]

1. d4 {[%emt 0:00:00]} Nf6 {[%emt 0:00:00]} 2. c4 {[%emt 0:00:00]} e6 {[%emt 0:00:00]} 3. Nf3 {[%emt 0:00:30]} d5 {[%emt 0:00:00]} 4. Nc3 {[%emt 0:00:17]} Bb4 {[%emt 0:00:00]} 5. Qb3 {[%emt 0:03:16]} c5 {[%emt 0:02:14]} 6. dxc5 {[%emt 0:02:18]} Na6 {[%emt 0:03:34]} 7. a3 {[%emt 0:08:15]} Bxc3+ {[%emt 0:07:19]} 8. Qxc3 {[%emt 0:00:21]} Nxc5 {[%emt 0:04:08]} 9. cxd5 {[%emt 0:03:16]} Qxd5 {[%emt 0:02:02]} 10. Be3 {[%emt 0:03:06]} Nce4 {[%emt 0:03:53]} 11. Qe5 {[%emt 0:00:20]} O-O {[%emt 0:04:26]} 12. Rd1 {[%emt 0:02:31]} Qxe5 {[%emt 0:16:59]} 13. Nxe5 {[%emt 0:00:19]} Nd5 {[%emt 0:00:13]} 14. Bc1 {[%emt 0:03:24]} Nd6 {[%emt 0:05:12]} 15. f3 {[%emt 0:03:22]} f5 {[%emt 0:03:58]} 16. e3 {[%emt 0:01:03]} b6 {[%emt 0:00:37]} 17. Bd2 {[%emt 0:07:28]} Bb7 {[%emt 0:10:02]} 18. Bb4 {[%emt 0:09:02]} Nxb4 {[%emt 0:00:10]} 19. Rxd6 {[%emt 0:02:07]} Nd5 {[%emt 0:00:26]} 20. Bc4 {[%emt 0:02:22]} Rad8 {[%emt 0:08:06]} 21. Rxd8 {[%emt 0:03:39]} Rxd8 {[%emt 0:00:08]} 22. Kf2 {[%emt 0:04:32]} Kf8 {[%emt 0:01:34]} 23. Rc1 {[%emt 0:00:14]} Rc8 {[%emt 0:00:08]} 24. Rd1 {[%emt 0:02:49]} Ke7 {[%emt 0:00:19]} 25. Bb3 {[%emt 0:02:45]} Rc7 {[%emt 0:00:35]} 26. h3 {[%emt 0:04:09]} h5 {[%emt 0:08:31]} 27. h4 {[%emt 0:03:15]} a5 {[%emt 0:01:42]} 28. Rd2 {[%emt 0:03:05]} Kf6 {[%emt 0:00:17]} 29. Nd3 {[%emt 0:01:00]} g5 {[%emt 0:08:01]} 30. hxg5+ {[%emt 0:01:37]} Kxg5 {[%emt 0:00:08]} 31. Bxd5 {[%emt 0:04:10]} Bxd5 {[%emt 0:00:42]} 32. Nf4 {[%emt 0:00:07]} Rc5 {[%emt 0:00:06]} 33. b4 {[%emt 0:03:14]} axb4 {[%emt 0:01:57]} 34. axb4 {[%emt 0:00:24]} Rb5 {[%emt 0:00:04]} 35. Rd4 {[%emt 0:02:24]} Bb3 {[%emt 0:01:48]} 36. g3 {[%emt 0:02:48]} Ba2 {[%emt 0:01:38]} 37. Ke2 {[%emt 0:03:38]} Bb3 {[%emt 0:00:09]} 38. Kd2 {[%emt 0:01:21]} Bd5 {[%emt 0:00:17]} 39. Ke2 {[%emt 0:08:06]} Bb3 {[%emt 0:00:16]} 40. Kd3 {[%emt 0:00:00]} Bd5 {[%emt 0:00:00]} 41. Nxd5 {[%emt 0:01:07]} exd5 {[%emt 0:02:57]} 42. Kc3 {[%emt 0:00:05]} 1-0

[Event "USA-ch Juniors Open 2019"]
[Site "Saint Louis"]
[Date "2019.07.11"]
[Round "1.2"]
[White "Jacobson, Brandon"]
[Black "Niemann, Hans Moke"]
[Result "1-0"]
[WhiteElo "2456"]
[BlackElo "2467"]
[Annotator "RC"]
[PlyCount "73"]
[EventDate "2019.07.09"]
[EventType "tourn"]
[EventCountry "USA"]

{[%evp 9,73,-2,37,47,41,22,29,20,27,15,47,33,87,74,83,91,102,103,102,93,94,64,117,100,97,97,130,142,143,120,114,120,123,119,143,106,131,158,143,120,277,281,427,391,562,550,564,552,562,570,562,512,491,536,627,625,620,606,749,727,1815,1743,29969,29972,29962,29954]} 1. d4 Nf6 2. c4 e6 3. Nf3 b6 4. g3 Ba6 5. Qc2 d5 6. cxd5 {E15: Queen's Indian: 4 g3 sidelines, 4 g3 Ba6 and 4 g3 Bb7 early deviations} exd5 7. Bg2 (7. Nc3 Be7 8. Bg2 O-O 9. O-O Bb7 10. Bf4 Na6 11. a3 c5 12. Rfd1 Qc8 13. Be5 Ne4 14. dxc5 Bxc5 {1-0 (35) Sarana,A (2588)-Vavulin,M (2570) Loo 2018}) 7... Bb4+ 8. Nc3 {White has an edge.} O-O 9. O-O Re8 10. Ne5 c6 (10... Bxc3 $14 11. Qxc3 (11. bxc3 Nbd7 $11) 11... Nbd7) 11. Bg5 $146 ({Predecessor:} 11. Rd1 Bb7 12. a3 Bd6 13. Bf4 Qe7 {1-0 (29) Karavade,E (2399)-Gomez Jurado,L (2272) Montcada 2018}) 11... Bxc3 12. Qxc3 Ne4 13. Bxe4 $1 Qxg5 14. Bf3 (14. Qf3 Rxe5 15. dxe5 dxe4 $15) 14... Bb7 15. Rac1 c5 (15... Qe7 $14) 16. h4 (16. Nd3 {seems wilder.} Qf5 17. dxc5 d4 18. Qxd4 Bxf3 19. exf3 Nc6 20. Qc3) 16... Qe7 17. Nd3 {[%cal Rd4c5]} c4 18. Nf4 Rd8 {[#]} 19. b3 $1 b5 20. bxc4 dxc4 21. d5 Qc5 22. a4 a6 {[#]} 23. Nh5 $1 {[%csl Gh5][%cal Rc3g7]} f6 24. Nf4 $36 {[%mdl 2048] Ne6 is the strong threat. White is in control.} Bc8 $2 (24... Re8 $16) 25. Qa5 $18 Re8 (25... Rd6 {might work better.} 26. axb5 Nd7 27. Qd8+ Nf8 28. Rxc4 Rxd8 29. Rxc5 axb5 30. Rxb5 Ng6 31. Nxg6 hxg6) 26. axb5 Ra7 (26... Nd7 $142 27. d6 Ra7) 27. b6 {[%mdl 64] Discovered Attack} Qxa5 28. bxa7 Qb6 29. a8=Q {And now Rb1 would win.} ({Not} 29. axb8=R Qxb8 30. Rxc4 Bd7 $14) ({Weaker is} 29. axb8=B Bd7 $11) 29... Bb7 30. Rb1 Qxb1 31. Qa7 ({Less strong is} 31. Rxb1 Bxa8 32. Rc1 Nd7 $18) 31... Qb4 {[#]} 32. Be4 $1 {[%mdl 512] Hoping for Rb1!} c3 (32... Rxe4 33. Qxb8+) 33. Bd3 {aiming for Rb1.} c2 34. Bxc2 Qc3 35. Qxb7 Qxc2 36. Ne6 {[%csl Ge6][%cal Rb7g7]} Qg6 37. Rc1 {Accuracy: White = 84%, Black = 41%.} 1-0

[Event "USA-ch Juniors Open 2019"]
[Site "Saint Louis"]
[Date "2019.07.11"]
[Round "1.3"]
[White "Yu, Jennifer"]
[Black "Burke, John M"]
[Result "0-1"]
[WhiteElo "2341"]
[BlackElo "2562"]
[Annotator "TA"]
[PlyCount "64"]
[EventDate "2019.07.09"]
[EventType "tourn"]
[EventCountry "USA"]
[SourceTitle "playchess.com"]
[Source "ChessBase"]
[SourceQuality "1"]

{[%evp 20,68,12,9,55,2,13,15,8,0,14,0,22,-12,0,0,0,0,0,0,28,16,20,-74,-69,-50,164,-34,0,-191,-176,-307,-97,-94,-97,-460,-123,-1022,-1017,-1013,-1009,-1003,-986,-951,-989,-1301,-1252,-29986,-29987,-29987,-29988]} 1. Nf3 c5 2. c4 Nf6 3. Nc3 d5 4. cxd5 Nxd5 5. g3 Nc6 6. Bg2 Nc7 7. O-O e5 8. d3 Be7 9. Nd2 O-O 10. Nc4 f6 11. f4 Be6 {A34: Symmetrical English: 2 Nc3, lines with ...d5} (11... exf4 12. Bxf4 Kh8 13. Bxc7 Qxc7 14. Nd5 Qd8 15. Nxe7 Qxe7 16. Bxc6 bxc6 17. Rf2 Be6 18. Rc1 Rfd8 19. b3 {½-½ (58) Soltau,A (2497)-Olofsson,D (2565) ICCF email 2014}) 12. f5 ({Better is} 12. Bxc6 $14 bxc6 13. fxe5) 12... Bd7 $146 ({Predecessor:} 12... Bf7 13. Ne3 Rb8 14. Kh1 Nd4 15. Bd2 Qd7 16. g4 Rfc8 17. b3 b5 18. Rc1 b4 19. Ne4 {1-0 (43) Vokac,M (2343)-Bures,M (2150) Ostrava 2019}) 13. Ne3 Kh8 {The position is equal.} 14. Kh1 b5 15. g4 Nd4 16. Bxa8 Qxa8+ 17. Kg1 g6 18. Ne4 Rg8 {Hoping for ...gxf5.} 19. Ng3 c4 20. fxg6 Rxg6 21. Nef5 {[#]} (21. dxc4 $11 Qc8 22. cxb5) 21... Bc5 $1 $17 {[%cal Rd4e2][%mdl 1024] Black has strong compensation.} 22. e3 Nde6 $2 {[#]} (22... Nxf5 $15 {keeps the upper hand.} 23. gxf5 Rg7) 23. Nh4 $2 (23. dxc4 $1 $18 Bc6 24. h3) 23... Rg8 $15 {...Nf4 is the strong threat.} 24. Qf3 $2 (24. Rxf6 Nf4 $17) (24. h3 $1 $11 {and White is okay.}) 24... Nd5 $19 {Strongly threatening ...Ng5.} (24... Qxf3 25. Nxf3 Rxg4 26. dxc4 $17) 25. Ne4 {[#]} (25. dxc4 $142 Ng5 26. Qg2 (26. Qxd5 $2 Bc6 $19) 26... Nxe3 {[%mdl 64] Double Attack} 27. Qxa8 (27. Bxe3 $2 Bxe3+ 28. Rf2 Bc6 $19) 27... Nxf1+ 28. Kxf1 Rxa8 29. cxb5) 25... Nd4 $1 {[%mdl 512]} 26. exd4 $17 Bxg4 27. Qg3 $2 {[%mdl 8192]} (27. Qg2 $17 {was the crucial defense.} Bh3 {[%mdl 64] Pin, Skewer} 28. dxc5) 27... Be2 $2 (27... Bxd4+ $19 {is more deadly.} 28. Kh1 Be2 {[%mdl 64] Double Attack}) 28. Ng5 $2 {[%mdl 8192]} (28. dxc5 $17 Rxg3+ 29. Nxg3 Bxf1 30. Kxf1) 28... Bxd4+ $19 ({Weaker is} 28... Rxg5 29. Bxg5 Bxd4+ 30. Kh1 $17) 29. Rf2 fxg5 30. Nf5 Bxf2+ 31. Kxf2 Nf4 32. dxc4 Qf8 {Played: Qa8-e4} 0-1

[Event "USA-ch Juniors Open 2019"]
[Site "Saint Louis"]
[Date "2019.07.11"]
[Round "1.4"]
[White "Tang, Andrew"]
[Black "Sheng, Joshua"]
[Result "0-1"]
[WhiteElo "2495"]
[BlackElo "2449"]
[Annotator "TA"]
[PlyCount "106"]
[EventDate "2019.07.09"]
[EventType "tourn"]
[EventCountry "USA"]
[SourceTitle "playchess.com"]
[Source "ChessBase"]
[SourceQuality "1"]

{[%evp 10,116,16,16,21,12,23,19,13,19,16,10,19,19,18,25,20,19,28,19,18,16,22,20,31,30,22,0,9,12,14,0,0,-1,0,0,0,0,0,0,0,0,0,0,0,0,0,0,0,-80,-72,-129,-129,-128,-128,-127,-100,-126,-122,-133,-137,-142,-122,-120,-107,-188,-178,-192,-191,-190,-156,-191,-130,-150,-123,-167,-178,-214,-212,-203,-211,-439,-432,-533,-512,-597,-680,-658,-672,-658,-654,-671,-646,-29978,-29979,-29978,-29979,-29990,-29991,-29991,-29992,-29993,-29992,-29992,-29991,-29991,-29981,-29982,-29983]} 1. Nf3 Nf6 2. d4 e6 3. Bf4 d5 4. e3 Bd6 5. Bxd6 Qxd6 6. c4 b6 {D02: 1 d4 d5 2 Nf3 sidelines, including 2...Nf6 3 g3 and 2...Nf6 3 Bf4} 7. Nc3 O-O 8. Rc1 Qe7 $146 {The position is equal.} ({Predecessor:} 8... a6 9. cxd5 exd5 10. Bd3 c5 11. dxc5 bxc5 12. O-O Bb7 13. Qb3 Bc6 {1-0 (72) Fedoseev,V (2718)-Akobian,V (2647) Riadh 2017}) 9. cxd5 exd5 10. Bd3 Bb7 11. O-O c5 12. b3 Nbd7 13. Qe2 a6 14. Qb2 Rfc8 15. Ne2 Nf8 16. Rc2 Ne6 17. Rfc1 g6 18. Ng3 a5 19. Bb5 Ne8 20. h4 Nd6 21. Bd3 cxd4 {Hoping for ...Rxc2.} 22. Rxc8+ Rxc8 23. Rxc8+ Bxc8 24. exd4 Nf4 25. Bf1 Bg4 26. Qd2 Qf6 {Threatens to win with ...Bxf3.} 27. Ne5 Be6 28. Qc1 Qxh4 29. Qc6 (29. Qc7 $11 {remains equal.} Ne4 30. Nxe4 dxe4 31. g3) 29... Qd8 $17 30. Ne2 (30. Qc1 $142 g5 31. Nd3) 30... Nxe2+ 31. Bxe2 Nf5 32. Qc3 Qd6 33. Bf3 h5 34. Qd2 Qe7 35. Be2 Qh4 36. Nf3 Qg4 37. Bd1 (37. Bd3 $17) 37... h4 $19 38. Kh2 {[#]} Kg7 $1 39. Qc1 Nd6 $40 {[%mdl 128] Black wants a kill.} ({Stronger than} 39... Nxd4 40. Qc3 $16) 40. Qe3 {Qe5+ is the strong threat.} Qe4 (40... h3 $19 {[%csl Gh3][%cal Rg4g2]} 41. g3 Qe4) 41. Qd2 $17 Bf5 42. Be2 f6 43. Ne1 g5 44. Bf3 Qe6 45. Nc2 $2 {[#]} (45. Kg1) 45... g4 $1 $19 46. Bd1 Ne4 47. Qf4 {[#]} Nxf2 $1 {[%mdl 512]} 48. Ne3 (48. Qxf2 g3+) 48... g3+ 49. Kg1 Bg6 50. Qc7+ Kg8 51. Qc3 Nxd1 {Black mates.} 52. Nxd1 {[#]} Qe2 $1 53. Ne3 {[#]} Qf2+ {Played: Bg6-f5} 0-1

[Event "USA-ch Juniors Open 2019"]
[Site "Saint Louis"]
[Date "2019.07.11"]
[Round "1.5"]
[White "Hilby, Craig"]
[Black "Liang, Awonder"]
[Result "0-1"]
[WhiteElo "2433"]
[BlackElo "2592"]
[Annotator "TA"]
[PlyCount "118"]
[EventDate "2019.07.09"]
[EventType "tourn"]
[EventCountry "USA"]
[SourceTitle "playchess.com"]
[Source "ChessBase"]
[SourceQuality "1"]

{[%evp 22,118,8,6,21,15,22,11,20,0,0,0,0,-18,-16,-13,-25,-21,0,-7,0,-9,-3,-10,0,2,6,0,1,0,0,0,0,0,0,10,39,-6,-8,-8,-2,-8,-5,-6,0,0,-6,0,0,-25,59,0,0,0,0,-35,-38,-37,-38,-54,-23,-93,-90,-83,-70,-130,-70,-103,-9,-109,-105,-107,-31,-102,-99,-377,-377,-365,-367,-297,-104,-361,-372,-395,-387,-450,-430,-500,-493,-427,-364,-740,-364,-346,-294,-277,-228,-230,-235]} 1. c4 Nf6 2. g3 e6 3. Bg2 d5 4. Nf3 Be7 5. O-O O-O 6. b3 b6 7. Bb2 Bb7 8. e3 c5 9. Nc3 Nbd7 10. Qe2 Rc8 11. Rfd1 Qc7 12. d3 Qb8 {A14: English Opening: 1...e6 with b3 by White} 13. Ne1 {[#]} Rfd8 $146 ({Predecessor:} 13... a6 14. Rac1 Rfd8 15. Ba3 Bf8 16. cxd5 exd5 17. d4 cxd4 18. Bxf8 Nxf8 19. exd4 Ne6 20. Qb2 {½-½ (34) Shcherbakov,R (2559)-Yevseev,D (2503) Novgorod 1999}) 14. f4 a6 {The position is equal.} 15. Rab1 d4 16. exd4 cxd4 17. Ne4 Nxe4 18. Bxe4 Bxe4 19. Qxe4 Nf6 20. Qe2 b5 21. Nf3 Bc5 22. Ne5 bxc4 23. bxc4 Qc7 24. Bc1 Ne8 25. Rd2 Nd6 26. Rdb2 Re8 27. Qf3 f6 28. Ng4 Qf7 29. Bd2 e5 30. fxe5 fxe5 31. Qxf7+ Kxf7 32. Bb4 e4 33. Bxc5 Rxc5 34. Rb6 Re6 35. dxe4 h5 (35... Nxe4 $11 36. Rf1+ Nf6) 36. Nf2 (36. Rf1+ $14 Ke7 37. Nf2) 36... Nxc4 $11 37. Rb7+ Kg8 38. Rd7 Ne5 $36 {[%mdl 2048] White is under pressure.} 39. Rd8+ Kh7 40. Nh3 {Black must now prevent Ng5+.} Rec6 (40... Rf6 $5 {[%cal Re5f3]} 41. Nf4 h4 $1 $11 {[%mdl 512]}) 41. Rd5 (41. Rf1 $11) 41... Rxd5 $17 42. exd5 {[%mdl 4096] Endgame KRN-KRN} Rc2 {Threatens to win with ...Nf3+.} 43. d6 (43. Rd1 $15) 43... d3 (43... Rxa2 $6 44. Rb7 $11) (43... Nf3+ $6 44. Kf1 $11) (43... Rc6 $1 $17 44. d7 Nxd7 45. Ng5+ Kg6) 44. Nf2 Rc4 (44... Rxa2 $6 45. Nxd3 $1 {[%mdl 512]} Nf3+ 46. Kf1 $11) (44... d2 $17 {Strongly threatening ...Rc1+.} 45. Rd1 Rc4) 45. Kg2 (45. Kf1 $1 $11 {remains equal.}) 45... Rd4 46. Re1 Nd7 (46... Rd5 $17 47. d7 Nxd7) 47. Rd1 ({White should play} 47. Re6 $15) 47... d2 ({Much worse is} 47... Rxd6 $6 48. Rxd3 Rxd3 49. Nxd3 $11) 48. Nh3 $2 {[%mdl 8192] [#]} (48. Kf3 $17) 48... Ne5 $1 $19 49. Kf2 Nc4 ({Less strong is} 49... Rxd6 50. Ke2 $17) 50. Ke2 Kg6 $2 ({Worse is} 50... Nxd6 51. Rxd2 Rxd2+ 52. Kxd2 $11) (50... Rxd6 $19 51. Ng5+ Kg6) 51. Nf4+ $2 {[%mdl 8192]} (51. Nf2 $17) 51... Kf5 52. Nxh5 Rxd6 53. Nf4 Ke4 54. Nh3 Kd4 55. Ng5 Rd5 56. h4 $2 (56. Nf3+ Kc3 57. h3) 56... Kc3 (56... Re5+ $142 57. Kf2 Kd3) 57. Nf3 Kc2 58. g4 Rd6 {...Re6+ is the strong threat.} 59. Nxd2 Nxd2 {Accuracy: White = 34%, Black = 56%.} 0-1

[Event "USA-ch Juniors Open 2019"]
[Site "Saint Louis"]
[Date "2019.07.12"]
[Round "2.1"]
[White "Vaidya, Atulya"]
[Black "Liang, Awonder"]
[Result "0-1"]
[WhiteElo "2118"]
[BlackElo "2592"]
[Annotator "TA"]
[PlyCount "122"]
[EventDate "2019.07.09"]
[EventType "tourn"]
[EventCountry "USA"]
[SourceTitle "playchess.com"]
[Source "ChessBase"]
[SourceQuality "1"]

{[%evp 18,122,5,0,42,20,42,37,61,55,87,68,92,0,0,0,0,0,0,0,0,-22,-27,-23,-24,-25,-16,-23,-23,-9,-16,-13,-23,-39,0,0,0,0,0,0,0,0,0,-4,0,-8,-4,-4,-8,-6,-8,-8,-8,-8,-8,-8,0,0,0,0,0,0,0,0,0,0,0,0,0,0,0,-19,-8,-16,-8,-8,0,0,0,0,0,0,0,0,0,0,0,0,0,-5,0,-22,-33,-108,-16,-303,-293,-652,-650,-664,-689,-621,-621,-619,-619,-964,-907]} 1. d4 Nf6 2. c4 e6 3. Nf3 b6 4. a3 Bb7 5. Nc3 d5 6. cxd5 Nxd5 7. Qc2 Be7 8. e4 Nxc3 9. bxc3 O-O 10. Bd3 Nd7 {E12: Queen's Indian: Unusual White 4th moves, 4 a3, 4 Nc3 Bb7 5 a3 and 4 Nc3 Bb7} (10... c5 11. O-O Qc8 12. Qe2 Ba6 13. Rd1 Bxd3 14. Rxd3 Nd7 15. e5 Re8 16. h4 cxd4 17. cxd4 Qb7 18. Bg5 Bf8 19. Nd2 f6 20. exf6 Nxf6 21. Bxf6 gxf6 {1-0 (34) Gupta,A (2610)-Ivanchuk,V (2725) Caleta 2018}) 11. O-O h6 12. Qe2 $146 ({Predecessor:} 12. Rd1 Kh8 13. Qe2 Nf6 14. Bc2 Qe8 15. Bf4 Nh5 16. Be3 f5 17. e5 {½-½ (72) Hoeglauer,P (2153)-Froehlich Dill,A (1813) Wiesbaden 2016}) 12... Re8 {White is slightly better.} 13. Bf4 Bd6 14. e5 Bf8 15. Be4 (15. Nd2 $16) 15... Bxe4 $11 16. Qxe4 c5 17. Rfd1 cxd4 18. cxd4 Rc8 19. Rac1 b5 20. d5 exd5 21. Qxd5 Nc5 22. Be3 $1 {[%cal Re3c5]} Qxd5 23. Rxd5 {[%cal Re3c5]} Red8 24. Rxd8 ({Don't go for} 24. Rdxc5 $2 Bxc5 25. Bxc5 Rxc5 $1 $19 {[%mdl 512]}) 24... Rxd8 25. Kf1 Na4 26. Nd4 Bxa3 27. Rc7 Bb2 28. Nc6 Rd1+ 29. Ke2 Nc3+ 30. Kf3 a6 31. e6 fxe6 {Black wants to play ...Nd5.} 32. Bd4 $1 Rd3+ 33. Kg4 Nd1 34. Rxg7+ $1 Kf8 35. Bxb2 Nxb2 {[%mdl 4096] Endgame KRN-KRN} 36. Ra7 Rd2 37. Kh5 Rd6 38. Rxa6 Kg7 39. f4 Nd3 40. g3 $1 Rd5+ 41. Kh4 Kf6 42. Ra7 Rd6 43. Ne7 e5 44. Kg4 {aiming for Ng8+.} h5+ 45. Kf3 exf4 46. gxf4 b4 47. Rb7 Ke6 48. Ng6 Kf5 49. Ne7+ Kf6 50. Ke3 Ne1 {White must now prevent ...Re6+.} 51. Ng8+ Kf5 {And now ...Nc2+ would win.} 52. Ne7+ Kg4 {Strongly threatening ...Ng2+.} 53. Ke4 Nd3 {...Nc5+ is the strong threat.} 54. Rb8 Nc5+ 55. Ke5 {[#]} Rd2 (55... Re6+ $1 $17 56. Kd5 Rxe7 57. Kxc5 Re2 58. h3+ Kxh3) 56. Rg8+ $2 {[%mdl 8192]} (56. Rb5 $11 {and White is okay.}) 56... Kh3 $19 57. Rc8 $2 (57. Nf5 b3 58. Ne3) 57... Nd3+ {Black is clearly winning.} 58. Ke4 b3 {[%cal Bb4b3,Bb3b2][%mdl 32]} 59. Rb8 b2 60. f5 Rd1 61. f6 {If only White now had time for f7....} Nc5+ {Accuracy: White = 56%, Black = 62%.} 0-1

[Event "USA-ch Juniors Open 2019"]
[Site "Saint Louis"]
[Date "2019.07.12"]
[Round "2.2"]
[White "Sheng, Joshua"]
[Black "Hilby, Craig"]
[Result "1/2-1/2"]
[WhiteElo "2449"]
[BlackElo "2433"]
[Annotator "TA"]
[PlyCount "101"]
[EventDate "2019.07.09"]
[EventType "tourn"]
[EventCountry "USA"]
[SourceTitle "playchess.com"]
[Source "ChessBase"]
[SourceQuality "1"]

{[%evp 17,101,24,17,0,0,0,31,33,18,0,0,0,0,0,0,-2,37,13,123,53,104,73,66,0,0,0,0,0,89,75,69,89,104,91,85,74,75,71,84,88,195,191,222,181,241,244,318,309,466,495,534,542,799,790,981,651,641,630,549,249,225,132,133,123,117,35,113,8,8,8,10,8,8,8,59,60,59,59,59,59,66,62,562,496,1000,59]} 1. d4 Nf6 2. c4 g6 3. g3 Bg7 4. Bg2 d5 5. cxd5 Nxd5 6. Nf3 Nb6 7. Nc3 Nc6 8. e3 O-O 9. O-O Re8 10. Nh4 {D76: Fianchetto Grünfeld: Main Line with 7...Nb6} (10. a3 e5 11. d5 Na5 12. Qc2 c6 13. b4 Nac4 14. dxc6 bxc6 15. Rd1 Bf5 16. e4 Bd7 17. Na4 Nxa4 18. Qxc4 {½-½ (50) Le,Q (2737)-Ivanchuk,V (2726) Huaian 2017}) 10... e5 {[%cal Re5d4]} 11. d5 Na5 12. Rb1 {White is slightly better.} Bd7 13. e4 c6 14. b3 cxd5 15. exd5 f5 $146 ({Predecessor:} 15... g5 16. Nf3 Bf5 17. Bxg5 f6 {1-0 (34) Bogner,S (2599)-Kiewra,K (2433) Douglas 2017}) 16. Nf3 Qf6 (16... e4 $5 17. Nd4 $8 Rc8 $11) 17. Bb2 Nc8 (17... Qd6 $11 {keeps the balance.}) 18. Qd2 (18. d6 $1 $16 Re6 19. Qd5) 18... b6 (18... Nd6 $14) 19. Nd1 $36 {[%mdl 2048] Keeping Black busy.} Qf8 20. Re1 ({Better is} 20. d6 $14 Qxd6 21. Qxd6 Nxd6 22. Nxe5 $1 {[%mdl 512]}) 20... e4 $11 21. Bxg7 Qxg7 22. Nd4 Qe5 (22... Nd6 $11) 23. f3 $16 Nd6 24. Nc3 e3 25. Qd3 g5 26. f4 gxf4 27. Nf3 $1 {[%cal Rf3e5]} Qg7 28. gxf4 Re4 (28... Nab7 $16) 29. Rxe3 $18 Rxf4 30. Ne5 $1 Kh8 (30... Rf8 $142 31. Rg3 Rg4) 31. Rbe1 Ne4 32. Nxe4 fxe4 (32... Rxe4 {was called for.} 33. Rxe4 fxe4) 33. Qc3 ({Less strong is} 33. Rxe4 Rg8 $16) 33... Rc8 34. Qa1 $1 Be8 {If only Black now had time for ...Rf5....} 35. Rg3 Qf6 36. Rf1 Rxf1+ 37. Bxf1 {Nf7+! would kill now.} Rc7 {[#]} 38. Qd4 ({Weaker is} 38. Ng6+ Kg7 $14) (38. Bb5 $142 $1 {[%mdl 512] Black must now prevent Ng6+!} Rg7 (38... Bxb5 39. Ng6+) 39. Bxe8) 38... Rg7 {[#]} 39. Qxe4 (39. Ba6 $1 $18) 39... Nb7 $16 40. Ng4 Qe7 41. Qe6 (41. Qxe7 $16 {Threatening mate with Nh6!} Rxe7 42. Nf6) 41... Nd6 (41... Qxe6 $14 42. dxe6 Nd6) 42. Bh3 ({White should play} 42. Qxe7 $16 {White threatens Nh6! and mate.} Rxe7 43. Nf6) 42... Qxe6 $11 43. dxe6 {Hoping for Rd3.} Ne4 44. Rf3 Rg8 {Threatens to win with ...Ng5.} 45. Bg2 Rxg4 (45... Bh5 $1 $11 46. h3 Ng5) 46. Rf8+ $14 {[%mdl 64] Double Attack} Rg8 47. Rxg8+ Kxg8 48. Bxe4 Kg7 49. Kf2 Bg6 $2 {[%mdl 8192]} (49... h6 $1 $14) 50. Ke3 $18 Kf6 (50... Bh5 $142 51. Kf4 Kf6 52. Bxh7 Kxe6) 51. Bd5 $2 {Accuracy: White = 60%, Black = 40%.} (51. Bxg6 $18 hxg6 52. Kf4 Kxe6 53. Ke4) 1/2-1/2

[Event "USA-ch Juniors Open 2019"]
[Site "Saint Louis"]
[Date "2019.07.12"]
[Round "2.3"]
[White "Burke, John M"]
[Black "Tang, Andrew"]
[Result "1/2-1/2"]
[WhiteElo "2562"]
[BlackElo "2495"]
[Annotator "ChessBase"]
[PlyCount "59"]
[EventDate "2019.07.09"]
[EventType "tourn"]
[EventCountry "USA"]
[SourceTitle "playchess.com"]
[Source "ChessBase"]
[SourceQuality "1"]
[TimeControl "40/5400+30:1800+30"]

1. e4 {[%emt 0:00:00]} e5 {[%emt 0:00:00]} 2. Nf3 {[%emt 0:00:00]} Nc6 {[%emt 0:00:00]} 3. Bb5 {[%emt 0:00:00]} g6 {[%emt 0:00:00]} 4. d4 {[%emt 0:01:42]} exd4 {[%emt 0:00:00]} 5. Bg5 {[%emt 0:01:07]} Be7 {[%emt 0:00:03]} 6. Bxe7 {[%emt 0:00:30]} Qxe7 {[%emt 0:00:06]} 7. Bxc6 {[%emt 0:01:19]} dxc6 {[%emt 0:00:04]} 8. Qxd4 {[%emt 0:00:14]} Nf6 {[%emt 0:00:07]} 9. Nc3 {[%emt 0:01:14]} Bg4 {[%emt 0:00:08]} 10. Nd2 {[%emt 0:02:39]} c5 {[%emt 0:00:05]} 11. Qe3 {[%emt 0:02:19]} O-O-O {[%emt 0:00:07]} 12. f3 {[%emt 0:01:34]} Be6 {[%emt 0:00:26]} 13. O-O-O {[%emt 0:09:21]} b6 {[%emt 0:00:10]} 14. g4 {[%emt 0:02:12]} Kb8 {[%emt 0:04:43]} 15. Nb3 {[%emt 0:11:24]} Bc8 {[%emt 0:11:37]} 16. h4 {[%emt 0:06:24]} Rxd1+ {[%emt 0:34:19]} 17. Rxd1 {[%emt 0:02:39]} h6 {[%emt 0:01:35]} 18. Qf4 {[%emt 0:07:31]} Be6 {[%emt 0:02:05]} 19. Nd2 {[%emt 0:05:08]} Ne8 {[%emt 0:08:43]} 20. Qg3 {[%emt 0:12:34]} Nd6 {[%emt 0:01:30]} 21. Nf1 {[%emt 0:02:06]} Nc4 {[%emt 0:08:28]} 22. b3 {[%emt 0:04:00]} Qf6 {[%emt 0:05:11]} 23. f4 {[%emt 0:00:44]} Bxg4 {[%emt 0:00:40]} 24. Qxg4 {[%emt 0:09:03]} Qxc3 {[%emt 0:00:07]} 25. bxc4 {[%emt 0:00:04]} Qa1+ {[%emt 0:02:39]} 26. Kd2 {[%emt 0:00:05]} Qd4+ {[%emt 0:00:12]} 27. Kc1 {[%emt 0:00:33]} Qa1+ {[%emt 0:00:06]} 28. Kd2 {[%emt 0:00:02]} Qd4+ {[%emt 0:00:20]} 29. Kc1 {[%emt 0:00:05]} Qa1+ {[%emt 0:14:35]} 30. Kd2 {[%emt 0:00:11]} 1/2-1/2